Derecho Canónico / (Record no. 43956)
[ view plain ]
| 000 -LEADER | |
|---|---|
| campo de control de longitud fija | 00753nam a2200193 i 4500 |
| 001 - NÚMERO DE CONTROL | |
| campo de control | 43956 |
| 003 - IDENTIFICADOR DE NÚMERO DE CONTROL | |
| campo de control | ES-MaACL |
| 007 - CAMPO FIJO DE DESCRIPCIÓN FÍSICA--INFORMACIÓN GENERAL | |
| campo de control de longitud fija | t| |
| 008 - DATOS DE LONGITUD FIJA--INFORMACIÓN GENERAL | |
| campo de control de longitud fija | 030320m19461947sp ||||1| spa d |
| 100 1# - ENTRADA PRINCIPAL--NOMBRE DE PERSONA | |
| Nombre de persona | Caviglioli, Giovanni. |
| 9 (RLIN) | 37198 |
| 245 10 - MENCIÓN DEL TÍTULO | |
| Título | Derecho Canónico / |
| Mención de responsabilidad, etc. | Juan Caviglioli ; prólogo, notas de derecho español y traducción directa del italiano por Ramón Lamas Louvido. |
| 260 ## - PUBLICACIÓN, DISTRIBUCIÓN, ETC. | |
| Lugar de publicación, distribución, etc. | Madrid : |
| Nombre del editor, distribuidor, etc. | Revista de Derecho Privado, |
| Fecha de publicación, distribución, etc. | [1946-1947] ( |
| Fabricante | Hijos de Minuesa) |
| 300 ## - DESCRIPCIÓN FÍSICA | |
| Extensión | 2 v. ; |
| Dimensiones | 22 cm. |
| 490 1# - MENCIÓN DE SERIE | |
| Mención de serie | Manuales de derecho, economía y hacienda ; |
| Designación de volumen o secuencia | 15 |
| 700 1# - ENTRADA AGREGADA--NOMBRE PERSONAL | |
| Nombre de persona | Lamas Louvido, Ramón. |
| 9 (RLIN) | 69783 |
| 830 00 - PUNTO DE ACCESO ADICIONAL DE SERIE-TÍTULO UNIFORME | |
| Título uniforme | Manuales de derecho, economía y hacienda |
| Designación de volumen o secuencia | 15 |
| 9 (RLIN) | 182706 |
| 852 ## - LOCALIZACIÓN | |
| Ubicación | ES-MaACL |
| Número de control de estantería | E-2128-29 |
| Sublocalización o colección | R.22197 |
| Estatus retirado | Estado de pérdida | Estado de daño | No para préstamo | Biblioteca de origen | Biblioteca actual | Ubicación en estantería | Fecha de adquisición | Fuente de adquisición | Total de préstamos | Signatura topográfica completa | Código de barras | Visto por última vez | Precio de reemplazo | Tipo de ítem Koha |
|---|---|---|---|---|---|---|---|---|---|---|---|---|---|---|
| Biblioteca del Ateneo de Madrid | Biblioteca del Ateneo de Madrid | Depósito 2 | 17/01/2008 | E-2128-29 | 1046268 | 23/02/2023 | 23/02/2023 | Libro impreso |
